| 000 | 01234nam a22003134a 4500 | ||
|---|---|---|---|
| 001 | ebr10234948 | ||
| 003 | CaPaEBR | ||
| 006 | m u | ||
| 007 | cr cn||||||||| | ||
| 008 | 070126s2007 ne s 000 0 eng | ||
| 010 | _z 2007271360 | ||
| 020 | _z9789004155596 (alk. paper) | ||
| 020 | _z9004155597 (alk. paper) | ||
| 040 |
_aCaPaEBR _cCaPaEBR |
||
| 035 | _a(OCoLC)319492701 | ||
| 050 | 1 | 4 |
_aK3611.G46 _bG484 2007eb |
| 245 | 0 | 0 |
_aGenomics and public health _h[electronic resource] : _blegal and socio-ethical perspectives / _cedited by Bartha Maria Knoppers. |
| 260 |
_aLeiden ; _aBoston : _bMartinus Nijhoff, _cc2007. |
||
| 300 | _a329 p. | ||
| 533 |
_aElectronic reproduction. _bPalo Alto, Calif. : _cebrary, _d2013. _nAvailable via World Wide Web. _nAccess may be limited to ebrary affiliated libraries. |
||
| 650 | 0 |
_aGenetic screening _xLaw and legislation. |
|
| 650 | 0 | _aGenomics. | |
| 650 | 0 |
_aGenomics _xMoral and ethical aspects. |
|
| 650 | 0 | _aPublic health. | |
| 655 | 7 |
_aElectronic books. _2local |
|
| 700 | 1 | _aKnoppers, Bartha Maria. | |
| 710 | 2 | _aebrary, Inc. | |
| 856 | 4 | 0 |
_uhttp://site.ebrary.com/lib/rucke/Doc?id=10234948 _zAn electronic book accessible through the World Wide Web; click to view |
| 999 |
_c152821 _d152821 |
||